01469nam a2200313 a 45000010005000000030010000050050017000150080041000320200018000730400025000910800021001160900020001372450200001572600045003573000027004024900028004295000048004575000245005055040036007506500036007866500041008226500040008636500028009037000053009318300020009849420012010049520124010169990015011401031BR-CuiBMT20231130004145.0231113s2017 dfba 000 0 por d a9788562880186 aBR-CuiBMTcBR-CuiBMT a657:336.1322007 a657:336.13bE6100aEntendendo as demonstrações contábeis aplicadas ao setor público (DCASP) :bda teoria à prática de elaboração, consolidação e análise /cPaulo Henrique Feijó ... [et al.]. aBrasília :bGestão Pública,c2017. a453 p. :bil. ;c25 cm1 aSérie entendendo CASP aInformação da série retirada da capa. aBalanço patrimonial. Demonstração das variações patrimoniais. Demonstração das mutações do patrimônio líquido. Demonstração dos fluxos de caixa. Balanço orçamentário. Balanço financeiro. Notas explicativas. aInclui bibliografia e índice. aContabilidade públicazBrasil aOrçamento públicoxContabilidade aAdministração públicazBrasil aPlano de contaszBrasil1 aSilva, Paulo Henrique Feijó da,d1971-4et al. 0aEntendendo CASP 2udccLV 00102udc4070aBIBTCEMTbBIBTCEMTd2019-07-11l0o657:336.13 E61pBIBTCEMT23111120r2023-11-27tEx. 1w2023-11-27yLV c1031d1031